| 000 | 01214cam3a220028901 4500 | ||
|---|---|---|---|
| 001 | qce01189641 | ||
| 005 | 20190819122855.0 | ||
| 008 | 760728s1966 enk 000 0 eng d | ||
| 035 | _a(Sirsi) r91972 | ||
| 035 | _a(QCAT)lss01322525 | ||
| 035 | _a(UPRA)qce01189641 | ||
| 040 | _dUPRA | ||
| 100 | 1 |
_aSpooner, R. J. _6A50929.1 |
|
| 245 | 1 | 4 |
_aThe development of the lower Mgeta River area of the United Republic of Tanzania / _cby R.J. Spooner and R.N. Jenkin. |
| 260 |
_aTolworth, Surrey, England : _bDirectorate of Overseas Surveys, _c1966. |
||
| 490 | 1 |
_aGreat Britain. Land Resources Division. Land resource study ; _vno. 1 |
|
| 500 | _aAt head of title: Ministry of Overseas Development. | ||
| 500 | _aWith accompanying maps in pocket. | ||
| 504 | _aBibliography: p. 62-63. | ||
| 650 | 0 |
_aNatural resources -- Tanzania. _zNatural resources -- Tanzania. _6S39876.1 |
|
| 650 | 0 |
_aAgriculture -- Tanzania. _zAgriculture -- Tanzania. _6S11462.1 |
|
| 651 | 0 |
_aTanzania -- Economic conditions. _xTanzania -- Economic conditions. _6S11562.1 |
|
| 700 | 1 |
_aJenkin, R. N. _6A16746.1 |
|
| 830 | 0 |
_aLand resource study ; _vno. 1 _6S3572.1 |
|
| 949 |
_aGB375 _wlcc _i-129319 _mMAIN _tBOOK _lON-SHELF |
||
| 004 | 91972 | ||
| 999 |
_c112771 _d112771 |
||